Learning Resource and Development

Philippine and international radio laws and regulations : (Record no. 1169)

MARC details
000 -LEADER
fixed length control field 00740nam a22002057a 4500
005 - DATE AND TIME OF LATEST TRANSACTION
control field 20230512221208.0
008 - FIXED-LENGTH DATA ELEMENTS--GENERAL INFORMATION
fixed length control field 180131t xxu||||| |||| 00| 0 eng d
020 ## - INTERNATIONAL STANDARD BOOK NUMBER
International Standard Book Number 9710858513
040 ## - CATALOGING SOURCE
Transcribing agency CSPC
082 0# - DEWEY DECIMAL CLASSIFICATION NUMBER
Classification number 343.59909945
Item number P297p
100 ## - MAIN ENTRY--PERSONAL NAME
Personal name Payumo, Pablo R.,
Relator term author.
245 00 - TITLE STATEMENT
Title Philippine and international radio laws and regulations :
Remainder of title telecommunications laws and regulations /
Statement of responsibility, etc. Pablo R. Payumo
250 ## - EDITION STATEMENT
Edition statement 12th
Remainder of edition statement Edition.
260 ## - PUBLICATION, DISTRIBUTION, ETC.
Place of publication, distribution, etc. Mandaluyong City :
Name of publisher, distributor, etc. National Book Store.
Date of publication, distribution, etc. 2000.
300 ## - PHYSICAL DESCRIPTION
Extent xxvi, 907 pages :
Dimensions 22 cm.
650 10 - SUBJECT ADDED ENTRY--TOPICAL TERM
Topical term or geographic name entry element Radio
General subdivision Law and legislation
Geographic subdivision Philippines.
942 ## - ADDED ENTRY ELEMENTS (KOHA)
Koha item type
-- FIL 343.59909945 P297p 2000
Holdings
Withdrawn status Lost status Damaged status Not for loan Home library Current library Shelving location Date acquired Total Checkouts Full call number Barcode Date last seen Copy number Price effective from Koha item type
        Main Library Main Library Filipiniana Section 05/12/2023   FIL 343.59909945 P297p 2000 006542 05/12/2023 1-2 05/12/2023 Books
        Main Library Main Library Filipiniana Section 05/12/2023   FIL 343.59909945 P297p 2000 006543 05/12/2023 2-2 05/12/2023 Books